00721nam a2200157Ia 4500008004100000020002200041100002500063245008500088260004500173300004600218500005500264650004400319650005700363999001900420952012400439191108s9999 xx 000 0 und d a9.7804398627e+012 aBartoletti, Susan C. cSusan Campbell Bartoletti.--aHitler Youth :b growing up in Hitler's shadow /  aNew York :b Scholastic Nonfictionc2005 a176 pages : bblack & white illustrations aIncludes bibliography, acknowledgements and index. a Hitler-Jugend -- Juvenile literature. aNational socialism and youth -- Juvenile literature. c362510d362510 00102lcc40aSFUbSFUcSFUd2019-11-08eDONATIONl0oDD 253.5 .B292 2006pSFU0121r2019-11-08 00:00:00w2019-11-08yBK